00933 2200313 4500001002100000005001500021035002000036007000300056008004100059040001700100100001600117245009000133250001000223300005700233020002200290041000800312082001000320084001600330090002500346260003600371264003500407700003400442850001000476600003300486990002500519990002500544990002500569990002500594INLIS00000000000221720260603091738 a0010-0220000068ta260603 0  aSBPUPADbind0 aYuka Aninda1 aAksesori Flanel Gaya /cYuka Aninda & Dian K. Wardhani; Penyunting: Septi Rinasusanti aCet.1 aiv, 112 hlm. :bIlus. ;c23 cmeBibliografi, hlm 113 a978-602-8453-60-8 aind a746.4 a746.4 YUK a a808.83 ULY p 24 - 4 aJakarta :bKriya Pustaka,c2012 a,--Italia; :bErlangga;,c20080 aPenyunting: Septi Rinasusanti aPUPAD 4aMenggambar dan Seni Dekorasi a30.836/APBD/DPK/2019 a30.837/APBD/DPK/2019 a30.838/APBD/DPK/2019 a30.839/APBD/DPK/2019